[Event "Francophonie-chT Rapid"]
[Site "Tornelo INT"]
[Date "2022.06.05"]
[Round "8.9"]
[White "Rajerison, Mananihaja Charly"]
[Black "Sassi, Ben Mohamed"]
[Result "1-0"]
[WhiteElo "1912"]
[BlackElo "1385"]
[PlyCount "39"]
[EventDate "2022.06.04"]
[EventType "team-swiss (rapid)"]
[EventRounds "11"]
[EventCountry "FRA"]
[SourceTitle "CBM 208 Extra"]
[Source "ChessBase"]
[SourceDate "2022.07.31"]
[SourceVersion "1"]
[SourceVersionDate "2022.07.31"]
[SourceQuality "1"]
[WhiteTeam "Madagascar"]
[BlackTeam "Ivory Coast"]
[WhiteTeamCountry "MAD"]
[BlackTeamCountry "IVO"]

1. e4 c5 2. Nf3 g6 3. d4 cxd4 4. Qxd4 Nf6 5. e5 Nc6 6. Qa4 Nd5 7. Qe4 e6 8. c4 Nb6 9. Nc3 Bg7 10. Bg5 Ne7 11. Nb5 0-0 12. Qh4 Nf5 13. Bxd8 Nxh4 14. Bxh4 Nxc4 15. Bxc4 b6 16. Nd6 a5 17. Be7 Ba6 18. Bxf8 Bxf8 19. Bxa6 Rxa6 20. a4 1-0